UITU Library & LRC     

Motion Replicating Wireless Robotic Arm (Record no. 33022)

MARC details
000 -LEADER
fixed length control field 00626nam a2200145Ia 4500
008 - FIXED-LENGTH DATA ELEMENTS--GENERAL INFORMATION
fixed length control field 260210s9999 xx 000 0 und d
024 ## - OTHER STANDARD IDENTIFIER
Standard number or code 08B-77-EE, 08B-88-EE, 08B-51-EE, 08B-87-EE & 08B--64-EE
082 ## - DEWEY DECIMAL CLASSIFICATION NUMBER
Classification number 621.38456072 WAJ
100 ## - MAIN ENTRY--PERSONAL NAME
Personal name Syed Wajhi Abbas Jafri, Sameer Ahmed, Mohammad Maaz Khan, Sohail Ashraf & Zohair Akhter
245 #0 - TITLE STATEMENT
Title Motion Replicating Wireless Robotic Arm
260 ## - PUBLICATION, DISTRIBUTION, ETC.
Place of publication, distribution, etc. Karachi:
Name of publisher, distributor, etc. UITU,
Date of publication, distribution, etc. 2008
600 ## - SUBJECT ADDED ENTRY--PERSONAL NAME
Personal name Electronic Engineering
650 ## - SUBJECT ADDED ENTRY--TOPICAL TERM
Topical term or geographic name entry element Bachelor of Engineering (BE)
856 ## - ELECTRONIC LOCATION AND ACCESS
Uniform Resource Identifier <a href="https://drive.google.com/file/d/1PuC9yC_QUA1XZ8i4_C2ObzBRx2-MKjhv/view?usp=sharing">https://drive.google.com/file/d/1PuC9yC_QUA1XZ8i4_C2ObzBRx2-MKjhv/view?usp=sharing</a>
Link text Click here for PDF

No items available.

Powered by Koha